Oscar du meilleur acteur - Statistiques

Statistiques générales
  • Ce quiz a été pris 27 068 fois
    3 525 depuis la dernière actualisation
  • Le résultat moyen est 26 sur 99
Statistiques - réponses
Année Film Acteur % Correct
2016 The Revenant Leonardo DiCaprio
91%
2012 The Artist Jean Dujardin
82%
2024 Oppenheimer Cillian Murphy
81%
2026 Sinners Michael B. Jordan
79%
1995 Forrest Gump Tom Hanks
77%
1994 Philadelphia Tom Hanks
77%
2020 Joker Joaquin Phoenix
75%
2019 Bohemian Rhapsody Rami Malek
66%
2025 The Brutalist Adrien Brody
63%
2003 Le Pianiste Adrien Brody
63%
2022 La Méthode Williams Will Smith
61%
2021 The Father Anthony Hopkins
60%
1992 Le Silence des agneaux Anthony Hopkins
60%
1981 Raging Bull Robert De Niro
60%
1993 Le Temps d'un week-end Al Pacino
55%
1973 Le Parrain Marlon Brando
54%
1955 Sur les quais Marlon Brando
54%
2001 Gladiator Russell Crowe
54%
1998 Pour le pire etpour le meilleur Jack Nicholson
51%
1976 Vol au-dessus d'unnid de coucou Jack Nicholson
51%
2013 Lincoln Daniel Day-Lewis
50%
2008 There Will Be Blood Daniel Day-Lewis
50%
1990 My Left Foot Daniel Day-Lewis
50%
2009 Harvey Milk Sean Penn
48%
2004 Mystic River Sean Penn
48%
2002 Training Day Denzel Washington
47%
2023 The Whale Brendan Fraser
41%
1989 Rain Man Dustin Hoffman
40%
1980 Kramer contre Kramer Dustin Hoffman
40%
2014 Dallas Buyers Club Matthew McConaughey
39%
2017 Manchester by the Sea Casey Affleck
38%
2006 Truman Capote Philip Seymour Hoffman
37%
2011 Le Discours d'un roi Colin Firth
34%
2005 Ray Jamie Foxx
34%
1999 La vie est belle Roberto Benigni
34%
2000 American Beauty Kevin Spacey
33%
2018 Les Heures sombres Gary Oldman
29%
2007 Le Dernier Roi d'Écosse Forest Whitaker
27%
1988 Wall Street Michael Douglas
26%
2015 Une merveilleusehistoire du temps Eddie Redmayne
23%
1983 Gandhi Ben Kingsley
20%
1960 Ben-Hur Charlton Heston
19%
1970 Cent dollars pour un shérif John Wayne
19%
1987 La Couleur de l'argent Paul Newman
19%
1996 Leaving Las Vegas Nicolas Cage
18%
1982 La Maison du lac Henry Fonda
17%
1972 French Connection Gene Hackman
15%
1952 L'Odyssée de l'African Queen Humphrey Bogart
15%
1953 Le train sifflera trois fois Gary Cooper
14%
1942 Sergent York Gary Cooper
14%
1964 Le Lys des champs Sidney Poitier
14%
1935 New York-Miami Clark Gable
13%
1941 Indiscrétions James Stewart
13%
2010 Crazy Heart Jeff Bridges
13%
1949 Hamlet Laurence Olivier
11%
1957 Le Roi et moi Yul Brynner
11%
1958 Le Pont de la rivière Kwai Alec Guinness
10%
1985 Amadeus F. Murray Abraham
10%
1991 Le Mystère von Bulow Jeremy Irons
10%
1961 Elmer Gantry le charlatan Burt Lancaster
9%
1963 Du silence et des ombres Gregory Peck
9%
1984 Tendre bonheur Robert Duvall
9%
1997 Shine Geoffrey Rush
8%
1971 Patton George C. Scott
8%
1965 My Fair Lady Rex Harrison
8%
1939 Des hommes sont nés Spencer Tracy
8%
1938 Capitaines courageux Spencer Tracy
8%
1986 Le Baiser de lafemme araignée William Hurt
8%
1959 Tables séparées David Niven
7%
1974 Sauvez le tigre Jack Lemmon
7%
1934 La Vie privée d'Henry VIII Charles Laughton
6%
1956 Marty Ernest Borgnine
6%
1943 La Glorieuse Parade James Cagney
6%
1979 Le Retour Jon Voight
6%
1966 Cat Ballou Lee Marvin
6%
1977 Network : Main bassesur la télévision Peter Finch
6%
1978 Adieu, je reste Richard Dreyfuss
6%
1968 Dans la chaleur de la nuit Rod Steiger
6%
1954 Stalag 17 William Holden
6%
1975 Harry et Tonto Art Carney
5%
1945 La Route semée d'étoiles Bing Crosby
5%
1950 Les Fous du roi Broderick Crawford
5%
1969 Charly Cliff Robertson
5%
1929 Crépuscule de gloire ///Quand la chair succombe Emil Jannings
5%
1947 Les Plus BellesAnnées de notre vie Fredric March
5%
1933 Docteur Jekyll et M. Hyde Fredric March
5%
1931 Disraeli George Arliss
5%
1951 Cyrano de Bergerac José Ferrer
5%
1932 Âmes libres Lionel Barrymore
5%
1962 Jugement à Nuremberg Maximilian Schell
5%
1944 Quand le jour viendra Paul Lukas
5%
1937 La Vie de Louis Pasteur Paul Muni
5%
1967 Un homme pour l'éternité Paul Scofield
5%
1946 Le Poison Ray Milland
5%
1940 Au revoir Mr. Chips Robert Donat
5%
1948 Othello Ronald Colman
5%
1936 Le Mouchard Victor McLaglen
5%
1933 Le Champion Wallace Beery
4%
1930 In Old Arizona Warner Baxter
4%
Aucun quiz correspondant
Distribution des résultats
% des personnes avec chaque résultat
Percentile par nombre de réponses
Votre historique - résultats
Vous n’avez pas pris ce quiz depuis la dernière actualisation